000 00417nam a2200181Ia 4500
001 21509
005 20260306172924.0
008 260306t2012||||xx |||||||||||||| ||spa||
041 _aESP
082 _a658
_bB55
100 _aBilancio, Guillermo
_eAUT
245 0 _aLa emoción de dirigir
260 _c2012
300 _a152 páginas :
_c23 cm.
650 _aGEN
654 _aCAN
942 _cLIB
_dJUS
_fJUS
_2ddc
_n
999 _c21509
_d21509